00497nam a2200205Ia 4500008004100000020001800041050001400059100001900073245002400092245004200116245001900158260001500177260001600192260000900208300001500217300002700232300001000259440001400269500000800283170918s9999 xx 000 0 und d a9780439686235 bM271 2004 aMand, Adrienne aFighting the odds : bone kid's battle to save his friend / cAdrienne Mand. aNew York : bScholastic, c2004 a26 pages : bcolored illustration ; c19cm. aRead 180. a610